000
00321nam a2200133Ia 4500
005
20251222155052.0
008
251222s9999||||xx |||||||||||||| ||spa||
082
_a
EDUM.48,1-3
100
_a
PINTO AFANADOR,Natividad
245
0
_a
Cuidado y prática de enfermerÃa
250
_a
1ra. ed.
264
_b
UNC
942
_c
LIB
999
_c
37329
_d
37329